| 000 | 00900nas a2200301 4500 | ||
|---|---|---|---|
| 001 | BR9702155 | ||
| 003 | BR-BrBNA | ||
| 005 | 20231205100155.0 | ||
| 007 | ta | ||
| 008 | 230509b bl.|||p| |||| 00| 00por d | ||
| 040 |
_aBR-BrBNA _bpor _cBiblioteca Nacional de Agricultura |
||
| 041 | _a(Pt) | ||
| 072 | _aQ55 | ||
| 100 | 1 | _aMunaro, F.A. | |
| 100 | 1 | _aLopez, J. | |
| 100 | 1 | _aTeixeira, A.S. | |
| 100 | 1 | _aLopez, S.E. | |
| 245 | 1 | _aEfeito da fitase em racoes com 15 por cento de farelo de arroz desengordurado no desempenho de frangos de corte | |
| 650 | _aFrango de Corte | ||
| 650 | _aRacao | ||
| 650 | _aAditivo | ||
| 650 | _aFosforo | ||
| 650 | _aArroz | ||
| 650 | _aFarelo | ||
| 773 | 0 |
_tRevista da Sociedade Brasileira de Zootecnia (Brazil) _xISSN 0100-4859 _g(Sep-Oct 1996), v. 25(5) p. 910-920 _wBR9702155 |
|
| 909 |
_a202311 _bLúcia _c55 _dLúcia Elande |
||
| 942 |
_2AGRIS _n0 _cANA |
||
| 999 |
_c154609 _d154609 |
||